| 000 | 00000nam 2200000zi 4500 |
| 001 | 9.919859 |
| 003 | CaOODSP |
| 005 | 20241223113523 |
| 006 | m o d f |
| 007 | cr |n||||||||| |
| 008 | 230207e20130321onc o f000 0 fre d |
| 020 | |z9780662780458 |
| 040 | |aCaOODSP|bfre|erda|cCaOODSP |
| 043 | |an-cn--- |
| 086 | 1 |aF1-23/3-2013F-PDF |
| 245 | 00|aEmplois, croissance et prospérité à long terme : |ble plan d'action économique de 2013. |
| 264 | 1|a[Ottawa] : |bMinistère des finances Canada, |cle 21 mars 2013. |
| 300 | |a1 ressource en ligne (ix, 481 pages) |
| 336 | |atexte|btxt|2rdacontent/fre |
| 337 | |ainformatique|bc|2rdamedia/fre |
| 338 | |aressource en ligne|bcr|2rdacarrier/fre |
| 500 | |aPublié aussi en anglais sous le titre : Jobs, growth and long-term prosperity : economic action plan 2012. |
| 500 | |a«Déposé à la Chambre des communes par le ministre des Finances, l'honorable James M. Flaherty, c.p., député, Le 21 mars 2013.» |
| 505 | 0 |aIntroduction -- Évolution et perspectives économiques -- Soutenir l'emploi et la croissance -- Jumeler les Canadiens et les emploi disponibles -- Aider les fabricants et les entreprises à prospérer dans l'économie mondiale -- Le nouveau plan chantiers Canada -- Investir dans la recherche et l'innovation de calibre mondial -- Appuyer les familles et les collectivités -- Plan de retablissement de l'équilibre budgétaire et perspectives budgetaires -- Plan de rétablissement de l'équilibre budgétaire -- Cadre de planification budgétaire -- Annexe 1- stratégie de gestion de la dette 2013-2014 -- Annexe 2- mesures fiscales: renseignements supplémentaires et avis de motion de voies et moyens. |
| 650 | 6|aBudget|zCanada. |
| 650 | 6|aFinances publiques|zCanada. |
| 651 | 6|aCanada|xPolitique économique|y1991- |
| 700 | 1 |aFlaherty, James M. |eauteur.|q(James Michael), |d1949- |
| 710 | 1 |aCanada. |bMinistère des finances, |eorganisme de publication. |
| 775 | 08|tJobs, growth and long-term prosperity : |w(CaOODSP)9.919856 |
| 856 | 40|qPDF|s10.72 Mo|uhttps://publications.gc.ca/collections/collection_2023/fin/F1-23-3-2013-fra.pdf |